| 000 | 00756cam a2200217 4500 | ||
|---|---|---|---|
| 001 | ABS64111 | ||
| 008 | 000000n2001 000 0 eng u | ||
| 035 | _a(Sirsi) u113267 | ||
| 100 | _aClucas, P. | ||
| 245 | _aWhat's in a name? | ||
| 260 | _c2001 | ||
| 490 |
_aEstates Gazette _v(0123) 9 June 2001, 138-139(2) |
||
| 520 | _aAsks whether the use of 'trophy architects' increases the marketing potential or boosts the rents of commercial property developments despite their reputations for being strong-minded or prima donnas. | ||
| 590 | _aABS | ||
| 650 | _aARCHITECTS | ||
| 650 | _aDESIGN QUALITY | ||
| 650 | _aMARKETING | ||
| 650 | _aRENTS | ||
| 690 | _aPROPERTY-COMMERCIAL PROPERTY-COMMERCIAL PROPERTY FINANCE AND INVESTMENT | ||
| 942 | _n0 | ||
| 999 |
_c67468 _d67468 |
||